000 00406nam a2200157 a 4500
005 20140310183203.0
008 030422s19uu xx 00 eng d
050 _aPZ 7
_b.Sm642 1969
100 _aSmith, Don
245 _aSecret Mission :
_bStanbul /
_cDon Smith.
260 _aNew York :
_bAwards Book,
_c1969.
300 _a155 p. :
_c17 cm.
650 _aFiction
942 _cBK
_2lcc
999 _c19924
_d19924